08-茨城県の市町村クイズ(1999年) - Statistics

General Stats
  • This quiz has been taken 221 times
  • The average score is 51 of 85
Answers on the Map
Answers color-coded by a green-red scale on the quiz's map according to % correct below.
 
Answer Stats
Answer % Correct
北茨城きたいばらき
88%
大子だいごまち
87%
高萩たかはぎ
87%
日立ひたち
86%
ひたちなか
84%
大洗おおあらいまち
83%
水戸みと
83%
東海とうかいむら
82%
茨城いばらきまち
81%
つくば
80%
土浦つちうら
79%
結城ゆうき
79%
石岡いしおか
77%
十王じゅうおうまち
77%
那珂なかまち
77%
阿見あみまち
76%
牛久うしく
76%
笠間かさま
76%
鹿嶋かしま
74%
古河こが
74%
潮来いたこまち
73%
霞ヶ浦かすみがうらまち
73%
五霞ごかまち
73%
取手とりで
73%
守谷もりやまち
72%
さかいまち
71%
下館しもだて
71%
友部ともべまち
71%
神栖かみすまち
70%
鉾田ほこたまち
70%
美浦みほむら
70%
龍ケ崎りゅうがさき
70%
常陸太田ひたちおおた
69%
水海道みつかいどう
69%
下妻しもつま
67%
利根とねまち
66%
岩井いわい
65%
内原うちはらまち
65%
河内かわちまち
65%
藤代ふじしろまち
65%
大宮おおみやまち
62%
八千代やちよまち
61%
岩間いわままち
60%
美野里みのりまち
60%
波崎はさきまち
58%
真壁まかべまち
58%
玉造たまつくりまち
56%
北浦きたうらまち
55%
大洋たいようむら
55%
小川おがわまち
54%
猿島さしままち
54%
明野あけのまち
53%
谷和原やわらむら
53%
あさひむら
52%
石下いしげまち
52%
茎崎くきざきまち
52%
岩瀬いわせまち
51%
瓜連うりづらまち
51%
江戸崎えどさきまち
51%
玉里たまりむら
51%
常北じょうほくまち
49%
麻生あそうまち
47%
御前山ごぜんやまむら
46%
新治にいはりむら
46%
金砂郷かなさごうまち
45%
協和きょうわまち
45%
八郷やさとまち
45%
新利根しんとねまち
43%
大和やまとむら
43%
水府すいふむら
42%
千代田ちよだまち
40%
あずままち
39%
牛堀うしぼりまち
39%
桜川さくらがわむら
39%
三和さんわまち
39%
総和そうわまち
38%
伊奈いなまち
37%
かつらむら
37%
関城せきじょうまち
37%
里美さとみむら
36%
七会ななかいむら
36%
緒川おがわむら
32%
山方やまがたまち
32%
美和みわむら
30%
千代川ちよかわむら
29%
No matching quizzes found
Score Distribution
Percent of People with Each Score
Percentile by Number Answered
Your Score History
You have not taken this quiz